Statistiques concernant Dieux égyptiens - Quiz

Cliquez ici pour prendre le quiz!

Statistiques générales

  • Ce quiz a été pris 112 fois
  • Le résultat moyen est 6 sur 13

Statistiques - réponses

Attribut Dieu % Correct
Dieu du soleil
92%
Dieu de l'agricultureOsiris
83%
Déesse des pharaonsIsis
81%
Dieu des tombes et des défuntsAnubis
74%
Dieu du cielHorus
58%
Dieu des scribesThot
46%
Déesse de la musique et du foyerBastet
37%
Déesse de l'amourHathor
33%
Déesse du désertSekhmet
27%
Dieu de l'eauSobek
24%
Dieu de la TerreGeb
22%
Déesse de la paixMaât
18%
Déesse des sarcophagesNephtys
11%

Distribution des résultats

Percentile par nombre de réponses

% des personnes avec chaque résultat

Votre développement - résultats

Vous n’avez pas pris ce quiz